Urban social work (Record no. 11530)
[ view plain ]
| 000 -LEADER | |
|---|---|
| fixed length control field | 00515 a2200205 4500 |
| 001 - CONTROL NUMBER | |
| control field | 138764 |
| 003 - CONTROL NUMBER IDENTIFIER | |
| control field | OSt |
| 005 - DATE AND TIME OF LATEST TRANSACTION | |
| control field | 20210921152631.0 |
| 008 - FIXED-LENGTH DATA ELEMENTS--GENERAL INFORMATION | |
| fixed length control field | |
| 020 ## - INTERNATIONAL STANDARD BOOK NUMBER | |
| International Standard Book Number | 9788783421744 |
| 082 ## - DEWEY DECIMAL CLASSIFICATION NUMBER | |
| Classification number | 361.32 |
| Item number | P27U |
| 100 1# - MAIN ENTRY--PERSONAL NAME | |
| Personal name | Patel, A.K. |
| 245 1# - TITLE STATEMENT | |
| Title | Urban social work |
| Statement of responsibility, etc | by A.K. Patel, M.V. Dubey |
| 260 ## - PUBLICATION, DISTRIBUTION, ETC. (IMPRINT) | |
| Place of publication, distribution, etc | New Delhi |
| Name of publisher, distributor, etc | Crescent Publishing |
| Date of publication, distribution, etc | 2010 |
| 300 ## - PHYSICAL DESCRIPTION | |
| Extent | 272p. |
| 630 ## - SUBJECT ADDED ENTRY--UNIFORM TITLE | |
| Uniform title | Social Work |
| 630 ## - SUBJECT ADDED ENTRY--UNIFORM TITLE | |
| Uniform title | Social service-Practice |
| 700 ## - ADDED ENTRY--PERSONAL NAME | |
| Personal name | Dubey, M.V. |
| 942 ## - ADDED ENTRY ELEMENTS (KOHA) | |
| Source of classification or shelving scheme | Dewey Decimal Classification |
| Koha item type | Books |
| Withdrawn status | Lost status | Source of classification or shelving scheme | Damaged status | Not for loan | Collection code | Home library | Current library | Date acquired | Source of acquisition | Cost, normal purchase price | Total Checkouts | Full call number | Barcode | Date last seen | Date checked out | Price effective from | Koha item type |
|---|---|---|---|---|---|---|---|---|---|---|---|---|---|---|---|---|---|
| Dewey Decimal Classification | General Text Book | Central University Of Rajasthan | Central University Of Rajasthan | 12/03/2014 | SCW | 0.00 | 1 | 361.32 P27U | 14430 | 21/11/2024 | 06/03/2023 | 02/09/2020 | Books |
